Langman's medical embryology

Bibliographic Details
Main Author: Sadler, T. W. [ (Thomas W.)] (Author)
Other Authors: Langman, Jan (Editor)
Format: Book
Language:English
Published: Philadelphia, Pennsylvania : Lippincott Williams & Wilkins c2012
Edition:12th ed
Subjects:
Online Access:Publisher description

MARC

LEADER 00000cam a2200000 7i4500
001 0000080430
005 20220810093000.0
008 120711s2012 pau eng
020 |a 145114461X (paperback : alk. paper) 
020 |a 9781451144611 (paperback : alk. paper) 
040 |a UniSZA   |e rda 
050 0 0 |a QM601   |b .S23 2012 
060 1 0 |a QS 604   |b S124 2012 
090 0 0 |a QS 604   |b S124 2012 
100 1 |a Sadler, T. W. [  |q (Thomas W.)] ,   |e author 
245 1 0 |a Langman's medical embryology   |c T.W. Sadler 
246 3 0 |a Medical embryology 
250 |a 12th ed 
264 1 |a Philadelphia, Pennsylvania :   |b Lippincott Williams & Wilkins   |c c2012 
300 |a xiii, 384 pages :   |b illustration (chiefly color) ;   |c 25 cm. 
336 |a text  |2 rdacontent 
337 |a unmediated  |2 rdamedia 
338 |a volume  |2 rdacarrier 
500 |a Includes index 
505 0 |a 1. Introduction to molecular regulation and signaling -- 2. Gametogenesis: conversion of germ cells into male and female gametes -- 3. First week of development: ovulation to implantation -- 4. Second week of development: bilaminar germ disc -- 5. Third week of development: trilaminar germ disc --6. Third to eighth weeks: the embryonic period -- 7. The gut tube and the body cavities -- 8. Third month to birth: the fetus and placenta -- 9. Birth defects and prenatal diagnosis -- 10. The axial skeleton -- 11. Muscular system -- 12. Limbs -- 13. Cardiovascular system -- 14. Respiratory system -- 15. Digestive system -- 16. Urogenital system -- 17. Head and neck -- 18. Central nervous system -- 19. Ear -- 20. Eye -- 21. Integumentary system 
650 0 |a Abnormalities, Human   |x Textbooks 
650 0 |a Embryology, Human   |v Textbooks 
650 1 2 |a Embryology 
650 2 2 |a Congenital Abnormalities 
700 1 |a Langman, Jan ,   |e editor 
730 0 |a Langman's medical embryology.   |s 12th ed 
856 4 2 |3 Publisher description   |u http://www.loc.gov/catdir/enhancements/fy1211/2011025451-d.html 
999 |a 1000146938   |b Book   |c OPEN SHELF (30 DAYS)   |e Medical Campus 
999 |a 1000146939   |b Book   |c OPEN SHELF (30 DAYS)   |e Medical Campus 
999 |a 1000149696   |b Book   |c OPEN SHELF (30 DAYS)   |e Medical Campus 
999 |a 1000178848   |b Book   |c OPEN SHELF (30 DAYS)   |e Medical Campus